[Event "Wroclaw op"]
[Site "Wroclaw"]
[Date "2017.08.11"]
[Round "2"]
[White "Reza, Wojciech"]
[Black "Van der Heide, Gerben"]
[Result "1/2-1/2"]
[WhiteElo "2241"]
[BlackElo "1908"]
[PlyCount "56"]
[EventDate "2017.08.10"]
[EventType "swiss"]
[EventRounds "9"]
[EventCountry "POL"]
[SourceTitle "CBM 180 Extra"]
[Source "ChessBase"]
[SourceDate "2017.10.06"]
[SourceVersion "1"]
[SourceVersionDate "2017.10.06"]
[SourceQuality "1"]

1. e4 d6 2. d4 Nf6 3. Nc3 g6 4. Bg5 Bg7 5. Qd2 h6 6. Bf4 g5 7. Be3 Ng4 8. h4 Nxe3 9. fxe3 gxh4 10. Nf3 Nc6 11. 0-0-0 Bd7 12. Qf2 e6 13. Rxh4 Qe7 14. Qg3 Bf6 15. Rh5 0-0-0 16. Be2 Rdg8 17. Qf2 Rg6 18. Rdh1 Rhg8 19. R1h2 Qf8 20. Nh4 Bxh4 21. R5xh4 Qg7 22. Bf3 Ne7 23. Rh5 f6 24. Qe2 e5 25. Qc4 a6 26. b3 Kd8 27. Kb2 Rh8 28. R5h4 Rg5 1/2-1/2

[Event "Hamburg St Pauli op-A"]
[Site "Hamburg"]
[Date "2015.07.22"]
[Round "6"]
[White "Van der Heide, Gerben"]
[Black "Rache, Ralf"]
[Result "1-0"]
[WhiteElo "1925"]
[BlackElo "1852"]
[PlyCount "51"]
[EventDate "2015.07.18"]
[EventType "swiss"]
[EventRounds "9"]
[EventCountry "GER"]
[SourceTitle "EXT 2016"]
[Source "ChessBase"]
[SourceDate "2015.10.08"]
[SourceVersion "1"]
[SourceVersionDate "2015.10.08"]
[SourceQuality "1"]

1. e4 c5 2. Nc3 Nc6 3. f4 g6 4. Nf3 Bg7 5. Bb5 Nd4 6. 0-0 Nxb5 7. Nxb5 Nf6 8. d3 0-0 9. Qe1 d6 10. Qh4 c4 11. Nc3 cxd3 12. cxd3 Qa5 13. f5 gxf5 14. Bh6 f4 15. Ng5 Qe5 16. Rxf4 Ng4 17. Bxg7 Qxg7 18. Nd5 f6 19. Raf1 Bd7 20. Nxh7 Qxh7 21. Rxg4+ Bxg4 22. Qxg4+ Qg7 23. Qe6+ Qf7 24. Nxe7+ Kh8 25. Qh3+ Kg7 26. Qg4+ 1-0

[Event "Hamburg St Pauli op-A"]
[Site "Hamburg"]
[Date "2015.07.21"]
[Round "5"]
[White "Domanski, Lukasz"]
[Black "Van der Heide, Gerben"]
[Result "1-0"]
[WhiteElo "1934"]
[BlackElo "1925"]
[PlyCount "51"]
[EventDate "2015.07.18"]
[EventType "swiss"]
[EventRounds "9"]
[EventCountry "GER"]
[SourceTitle "EXT 2016"]
[Source "ChessBase"]
[SourceDate "2015.10.08"]
[SourceVersion "1"]
[SourceVersionDate "2015.10.08"]
[SourceQuality "1"]

1. e4 d6 2. d4 Nf6 3. Nc3 g6 4. Bf4 Bg7 5. Qd2 Nc6 6. 0-0-0 0-0 7. Bh6 a6 8. Bxg7 Kxg7 9. h4 h5 10. f3 b5 11. g4 hxg4 12. h5 Rh8 13. h6+ Kh7 14. Be2 e5 15. fxg4 Nxd4 16. g5 Nxe2+ 17. Qxe2 Bg4 18. Qg2 Bxd1 19. gxf6 Bxc2 20. Kxc2 c6 21. Nf3 Qd7 22. Ng5+ Kg8 23. h7+ Kf8 24. Qh2 Ke8 25. Qh6 Kd8 26. Qg7 1-0

[Event "Heart of Finland op 22nd"]
[Site "Jyvaskyla"]
[Date "2012.07.14"]
[Round "8"]
[White "Eloranta, Kari"]
[Black "Van der Heide, Gerben"]
[Result "0-1"]
[WhiteElo "2067"]
[BlackElo "1931"]
[PlyCount "78"]
[EventDate "2012.07.09"]
[EventType "swiss"]
[EventRounds "9"]
[EventCountry "FIN"]
[SourceTitle "EXT 2022"]
[Source "ChessBase"]
[SourceDate "2021.10.06"]
[SourceVersion "1"]
[SourceVersionDate "2021.10.06"]
[SourceQuality "1"]

1. e4 d6 2. d4 Nf6 3. Nc3 g6 4. Be3 Bg7 5. Qd2 Nc6 6. d5 Nb8 7. h3 e5 8. g4 0-0 9. Nge2 a6 10. Ng3 Ne8 11. g5 f5 12. gxf6 Bxf6 13. 0-0-0 Ng7 14. Be2 Bh4 15. Rdg1 Kh8 16. Rg2 Nd7 17. Nf1 Nf6 18. Ng3 b5 19. Kb1 Bxg3 20. fxg3 b4 21. Nd1 Nxe4 22. Qxb4 Nf6 23. Nc3 Nf5 24. Bf2 a5 25. Qa3 Bb7 26. Rd1 Qb8 27. g4 Ne7 28. Bc4 Re8 29. Bh4 Rf8 30. Rf2 Nfg8 31. Rdf1 Rxf2 32. Rxf2 h6 33. g5 Nf5 34. Rxf5 gxf5 35. gxh6 Qf8 36. Bg5 Nxh6 37. Nb5 Qg7 38. Bxh6 Qxh6 39. Nxc7 Qg7 0-1

[Event "Plzen op-C 10th"]
[Site "Plzen"]
[Date "2004.??.??"]
[Round "5"]
[White "Van der Heide, Gerben"]
[Black "Bukacek, Lubomir"]
[Result "0-1"]
[WhiteElo "1645"]
[BlackElo "1725"]
[PlyCount "82"]
[EventDate "2004.08.??"]
[EventType "swiss"]
[EventRounds "9"]
[EventCountry "CZE"]
[SourceTitle "EXT 2007"]
[Source "ChessBase"]
[SourceDate "2006.11.23"]
[SourceVersion "1"]
[SourceVersionDate "2006.11.23"]
[SourceQuality "1"]

1. e4 e5 2. Nf3 Nc6 3. d4 exd4 4. Nxd4 Bc5 5. Nxc6 bxc6 6. Bc4 Qf6 7. 0-0 Ne7 8. Nc3 0-0 9. Na4 Bb4 10. c3 Ba5 11. Qh5 Bb6 12. Nxb6 axb6 13. Bd3 Ng6 14. e5 Qe7 15. f4 Ba6 16. Rf3 Bxd3 17. Rxd3 Rfd8 18. Rh3 Nf8 19. Be3 d6 20. a3 dxe5 21. Qxe5 Qxe5 22. fxe5 Rd5 23. Bf4 Ne6 24. Rf1 Nxf4 25. Rxf4 Rxe5 26. Rd3 Re7 27. Ra4 Rae8 28. Rd2 h6 29. Kf2 c5 30. b4 cxb4 31. cxb4 g5 32. g4 Kg7 33. Rd3 Kg6 34. b5 Re4 35. Rxe4 Rxe4 36. Kf3 Rc4 37. h3 f6 38. Ke3 h5 39. Rd4 Rc3+ 40. Rd3 Rxd3+ 41. Kxd3 f5 0-1